Now everyone's unhappy (Record no. 117186)
[ view plain ]
| 000 -LEADER | |
|---|---|
| fixed length control field | 01741cam a2200241 4500 |
| 001 - CONTROL NUMBER | |
| control field | ABS67694 |
| 008 - FIXED-LENGTH DATA ELEMENTS--GENERAL INFORMATION | |
| fixed length control field | 040408n2004 000 0 eng u |
| 035 ## - SYSTEM CONTROL NUMBER | |
| System control number | (Sirsi) u125794 |
| 100 ## - MAIN ENTRY--PERSONAL NAME | |
| Personal name | Yule, I. |
| 245 ## - TITLE STATEMENT | |
| Title | Now everyone's unhappy |
| 260 ## - PUBLICATION, DISTRIBUTION, ETC. | |
| Date of publication, distribution, etc. | 2004 |
| 490 ## - SERIES STATEMENT | |
| Series statement | Building |
| Volume/sequential designation | 269(8323) 12 March 2004, 54(1) |
| 520 ## - SUMMARY, ETC. | |
| Summary, etc. | Examines the trend in litigation since the Woolf reforms in 1998 whereby the losing side no longer automatically pays all the winner's costs. Judges now have to take into account whether an issue based order is appropriate. The court may decide that the party should not receive any costs connected to an issue if one side has lost on a particular allegation or issue even if it won the case overall. Gives examples of this from recent construction cases including, "Kastor Navigation Co Ltd v AGF MAT" ([2004] EWCA Civ 277, [2004] ALL ER D 187(Mar)) where the successful claimant was awarded about $3m but the court ordered it to pay its own costs and 70% of the costs of the defendant. This was because much of the trial was taken up with an issue on which the claimant failed. A claimant which failed to better an offer by the defendant would normally have had to pay the defendant costs from the date of the offer. However in "Johnson v Gore Wood and Co" ([2004] EWCA Civ 14, unreported) the CA ruled that they should only pay around 50% of the costs because of the way the defendant had conducted the trial. |
| 590 ## - LOCAL NOTE (RLIN) | |
| Local note | ABS |
| 590 ## - LOCAL NOTE (RLIN) | |
| Local note | ABS |
| 650 ## - SUBJECT ADDED ENTRY--TOPICAL TERM | |
| Topical term or geographic name entry element | KASTOR NAVIGATION CO LTD V AGF MAT |
| 650 ## - SUBJECT ADDED ENTRY--TOPICAL TERM | |
| Topical term or geographic name entry element | JOHNSON V GORE WOOD AND CO |
| 650 ## - SUBJECT ADDED ENTRY--TOPICAL TERM | |
| Topical term or geographic name entry element | AL BARNES LTD V TIME TALK (UK) LTD |
| 650 ## - SUBJECT ADDED ENTRY--TOPICAL TERM | |
| Topical term or geographic name entry element | WOOLF REFORMS |
| 650 ## - SUBJECT ADDED ENTRY--TOPICAL TERM | |
| Topical term or geographic name entry element | ARBITRATORS |
| 690 ## - LOCAL SUBJECT ADDED ENTRY--TOPICAL TERM (OCLC, RLIN) | |
| Topical term or geographic name as entry element | BUILDING AND CONSTRUCTION-LAW |
| 942 ## - ADDED ENTRY ELEMENTS (KOHA) | |
| Suppress in OPAC | 0 |
| Withdrawn status | Lost status | Source of classification or shelving scheme | Damaged status | Not for loan | Home library | Current library | Shelving location | Date acquired | Total Checkouts | Full call number | Barcode | Date last seen | Copy number | Price effective from | Koha item type |
|---|---|---|---|---|---|---|---|---|---|---|---|---|---|---|---|
| Dewey Decimal Classification | London | London | Journal article | 08/04/2004 | ABS67694 | 125794-1001 | 06/08/2019 | 1 | 06/08/2019 | Journal article |